BRITISH JOURNAL OF OPHTHALMOLOGY (Record no. 19355)

MARC details
000 -LEADER
fixed length control field 00203nam a22000977a 4500
003 - CONTROL NUMBER IDENTIFIER
control field SGT
245 ## - TITLE STATEMENT
Title BRITISH JOURNAL OF OPHTHALMOLOGY
260 ## - PUBLICATION, DISTRIBUTION, ETC. (IMPRINT)
Name of publisher, distributor, etc UK BMJ PUB GROUP
Year of Publication 2010
300 ## - PAGE DESCRIPTION
No. of Pages 840
942 ## - ADDED ENTRY ELEMENTS (KOHA)
Source of classification or shelving scheme Dewey Decimal Classification
Koha item type Back Volumes
Holdings
Withdrawn status Lost status Source of classification or shelving scheme Damaged status Not for loan Collection code Home library Current library Shelving location Date acquired Volume Information (Serial or Books or Non-Book Material) SGTU Total Checkouts Accession No. (Barcode) Date last seen Bill Date Koha item type
    Dewey Decimal Classification   Not For Loan MEDICAL SGT Medical Library SGT Medical Library Reference Book 03/10/2019 2010, VOL- 94 SGTU   PM349 03/10/2019 03/10/2019 Back Volumes